| 000 | 00636nam a22001937a 4500 | ||
|---|---|---|---|
| 999 |
_c4103 _d4103 |
||
| 003 | GBCCL | ||
| 005 | 20241126110511.0 | ||
| 008 | 180112b xxu||||| |||| 00| 0 eng d | ||
| 040 | _cgbc | ||
| 082 |
_a253.78 _bDAV |
||
| 100 |
_aDavey, Lowell _97857 |
||
| 245 |
_aGiving the Winds the Bible Voice: _bcelebrating twenty-five years of ministry with the Bible Broadcasting Network/ _cLowell Davey |
||
| 260 |
_aUnited States: _bBible Broadcasting Network _c1996. |
||
| 300 |
_a203 p.; _bill., _c20 cm. |
||
| 650 |
_aRadio in religion. _99809 |
||
| 650 |
_a Radio broadcasting. _99989 |
||
| 650 |
_a Radio stations. _99990 |
||
| 942 |
_2ddc _cBK _01 |
||